| 000 | 00721nac a22002051u 4500 | ||
|---|---|---|---|
| 010 | _a 97066374 | ||
| 020 | _a0782121160 | ||
| 082 |
_a005.72 _bH7629 |
||
| 090 |
_c4323 _d4323 |
||
| 100 | _aHolzner, Steven. | ||
| 245 | 1 | 0 |
_aMastering Netscape IFC / _cSteven Holzner. |
| 260 |
_aSan Francisco : _bSYBEX, _cc1997. |
||
| 300 |
_axviii, 816 p. : _bill. ; _c23 cm. |
||
| 500 | _aIncludes index. | ||
| 650 | 0 | _aJava (Computer program language) | |
| 650 | 0 | _aInternet foundation class library. | |
| 650 | 0 | _aInternet programming. | |
| 942 |
_cBB _k005.72H7629 |
||
| 999 |
_c4323 _d4323 |
||